Prehistoric rock art of India / (Record no. 91337)

MARC details
000 -LEADER
fixed length control field 00713nam a22002057a 4500
010 ## - LCCN (DPL NO)
LC control number ENG-112143
020 ## - INTERNATIONAL STANDARD BOOK NUMBER
International Standard Book Number 9780198060987
Terms of availability 4950.00
020 ## - INTERNATIONAL STANDARD BOOK NUMBER
International Standard Book Number 019806098x
Terms of availability 4950.00
035 ## - SYSTEM CONTROL NUMBER
System control number EN-95675
037 ## - SOURCE OF ACQUISITION
Source of stock number/acquisition DBAD/PUB
082 ## - DEWEY DECIMAL CLASSIFICATION NUMBER
Classification number 709.01130954
100 ## - MAIN ENTRY--PERSONAL NAME
Personal name Neumayer, Erwin
245 ## - TITLE STATEMENT
Title Prehistoric rock art of India /
Statement of responsibility, etc by Erwin Neumayer
260 ## - PUBLICATION, DISTRIBUTION, ETC. (IMPRINT)
Place of publication, distribution, etc New Delhi
Name of publisher, distributor, etc Oxford University Press
Date of publication, distribution, etc 2013
270 ## - ADDRESS
Address YMCA Library Building, 1, Jai Singh Road,
City New Delhi
Postal code 110001
300 ## - PHYSICAL DESCRIPTION
Extent xv,299p. :
Dimensions 23cm(Hb)
Other physical details ill.(chiefly col.)
500 ## - GENERAL NOTE
General note Includes bibliographical references (pages 60-66) and index.
650 ## - SUBJECT ADDED ENTRY--TOPICAL TERM
Topical term or geographic name as entry element Rock paintings
Geographic subdivision India.
942 ## - ADDED ENTRY ELEMENTS (KOHA)
Source of classification or shelving scheme Dewey Decimal Classification
Item type English Books
Call number suffix NEU
Classification part 709.01130954
Holdings
Withdrawn status Lost status Not for loan Collection code Home library Current library Date acquired Source of acquisition Cost, normal purchase price Full call number Barcode Copy number Cost, replacement price Koha item type
    Not For Loan Non-fiction D.B.Act.Division D.B.Act.Division 10/02/2015 DBAD/PUB 4950.00 709.01130954 NEU EN-95675 1 4950.00 English Books

© Delhi Public Library
Hit Counter
free hit counter